000 00835naa a22002177i 4500
001 232411
003 ES-MaBCM
005 20260219162629.0
008 260219s2023 sp ||||| |||| 00| 0 spa d
040 _cES-MaBCM
100 1 _aMaculan, Elena
_9121533
245 1 0 _aCastigar sin crueldad los crímenes crueles :
_bla evolución de las penas en derecho penal internacional
_cElena Maculán
500 _aContiene tabla
504 _aIncluye referencias bibliográficas
610 2 7 _aTribunal Penal Internacional
_952882
650 7 _aSanción penal
_960174
650 7 _aCrimen contra la humanidad
_958187
650 7 _aDerecho penal internacional
_958347
773 0 _dValencia : Tirant lo Blanch , 2023
_gp. [87]-109 - Loc. 62618
_tLa crueldad en las constituciones y en los convenios internacionales
_w225307
942 _2udc
_cAMON
999 _c232411
_d232411